MAASAI MARA UNIVERSITY

LIBRARY CATALOGUE

Contact Us: +254 020 2685356/7 or 0774 057787

Box: 861-20500, NAROK, KENYA

Email: info@mmarau.ac.ke

_A History of Africa Vol. 2 African Nationalism and the De-colonisation Process Assa Okoth (Record no. 6678)

MARC details
000 -LEADER
fixed length control field 00450nam a2200145Ia 4500
008 - FIXED-LENGTH DATA ELEMENTS--GENERAL INFORMATION
fixed length control field 151021s9999 xx 000 0 und d
020 ## - INTERNATIONAL STANDARD BOOK NUMBER
International Standard Book Number 996625380
050 ## - LIBRARY OF CONGRESS CALL NUMBER
Classification number DT 352.5.A3 2003
245 ## - TITLE STATEMENT
Title _A History of Africa Vol. 2 African Nationalism and the De-colonisation Process Assa Okoth
260 ## - PUBLICATION, DISTRIBUTION, ETC. (IMPRINT)
Place of publication, distribution, etc. Nairobi E.A.E.P. 2006
300 ## - PHYSICAL DESCRIPTION
Extent v,394p.ill.
500 ## - GENERAL NOTE
General note Includes Index
650 ## - SUBJECT ADDED ENTRY--TOPICAL TERM
Topical term or geographic name as entry element _African History
980 ## - EQUIVALENCE OR CROSS-REFERENCE-SERIES STATEMENT--PERSONAL NAME/TITLE [LOCAL, CANADA]
Personal name ^d20110221 04:23:14^oanne

No items available.

© 2016 Maasai Mara University.